Statistics for NBA 2000 Playoffs Starters

Click here to take the quiz!

General Stats

  • This quiz has been taken 384 times
    (359 since last reset)
  • The average score is 45 of 80

Answer Stats

TeamPlayer% Correct
LakersShaquille O'Neal
99%
LakersKobe Bryant
98%
PacersReggie Miller
96%
SunsClifford Robinson
95%
SpursDavid Robinson
95%
BucksGlenn Robinson
95%
JazzJohn Stockton
95%
JazzKarl Malone
95%
76ersAllen Iverson
94%
TimberwolvesKevin Garnett
94%
HeatAlonzo Mourning
89%
SuperSonicsGary Payton
89%
RaptorsVince Carter
89%
Trail BlazersRasheed Wallace
88%
KnicksPatrick Ewing
85%
SpursAvery Johnson
84%
KingsChris Webber
84%
BucksErvin Johnson
84%
KnicksLarry Johnson
84%
BucksRay Allen
80%
PacersMark Jackson
79%
SunsPenny Hardaway
79%
HeatTim Hardaway
79%
KingsJason Williams
76%
PistonsGrant Hill
74%
76ersTyrone Hill
74%
KingsVlade Divac
74%
Trail BlazersDamon Stoudamire
71%
LakersGlen Rice
71%
SunsJason Kidd
70%
RaptorsTracy McGrady
69%
BucksSam Cassell
68%
PacersRik Smits
66%
RaptorsAntonio Davis
65%
PacersDale Davis
65%
Trail BlazersScottie Pippen
65%
HornetsEddie Jones
63%
KnicksLatrell Sprewell
63%
Trail BlazersSteve Smith
62%
KnicksAllan Houston
59%
JazzJeff Hornacek
58%
LakersRon Harper
58%
Trail BlazersArvydas Sabonis
55%
LakersA.C. Green
49%
HeatP.J. Brown
49%
SuperSonicsHorace Grant
48%
SpursSean Elliott
48%
JazzBryon Russell
47%
BucksDarvin Ham
45%
PacersJalen Rose
45%
HeatJamal Mashburn
44%
TimberwolvesWally Szczerbiak
44%
RaptorsMuggsy Bogues
43%
PistonsJerry Stackhouse
42%
RaptorsCharles Oakley
40%
SunsShawn Marion
40%
76ersAaron McKie
39%
HornetsAnthony Mason
33%
SuperSonicsRashard Lewis
32%
SpursSamaki Walker
31%
76ersTheo Ratliff
31%
HeatDan Majerle
29%
SpursMario Elie
28%
SuperSonicsVin Baker
28%
KnicksCharlie Ward
27%
HornetsDavid Wesley
21%
PistonsLindsey Hunter
21%
KingsCorliss Williamson
19%
76ersGeorge Lynch
18%
KingsNick Anderson
17%
TimberwolvesTerrell Brandon
16%
PistonsChristian Laettner
15%
SunsLuc Longley
15%
HornetsElden Campbell
14%
HornetsDerrick Coleman
13%
JazzOlden Polynice
13%
TimberwolvesRasho Nesterović
13%
PistonsTerry Mills
12%
SuperSonicsBrent Barry
9%
TimberwolvesMalik Sealy
7%

Score Distribution

Percentile by Number Answered

Percent of People with Each Score

Your Score History

You have not taken this quiz since the last reset